| Поле | Инд. | ПП | Название | Значение |
|---|---|---|---|---|
| Тип записи | a | |||
| Библиографический уровень | m | |||
| 001 | Контрольный номер | 3abb32d7-28fb-11da-83c3-0008a11c4c18 | ||
| 005 | Дата корректировки | 20140703135854.7 | ||
| 008 | Кодируемые данные | 050919 | ||
| 020 | c | Цена, тираж | б/ц | |
| 040 | a | Служба первич. каталог. | НБ ТвГУ | |
| 041 | a | Код языка текста | rus | |
| 080 | a | Индекс УДК | 339.9:330.131.7(470)(043.3) | |
| a | Индекс УДК | 1:339.9:330.131.7(470)(043.3) | ||
| 084 | a | Индекс другой классификации/Индекс ББК | У9(2Рос)80-21в.я031 | |
| a | Индекс другой классификации/Индекс ББК | С561.2я031 | ||
| 090 | x | Авторский знак | К63 | |
| a | Полочн. индекс | У9(2Рос) | ||
| 100 | 1_ | a | Автор | Комин Илья Сергеевич |
| 245 | 10 | a | Заглавие | Безопасность и риск в сфере внешнеэкономической деятельности (социально-философский анализ) |
| b | Продолж. заглавия | дис. ... канд. филос. наук : 09.00.11 | ||
| 260 | 1_ | a | Место издания | Тверь |
| c | Дата издания | 2005 | ||
| 300 | a | Объем | 184 с. | |
| 500 | a | Примечание | На правах рукоп. | |
| 502 | a | Примечание о диссертации | Дтс. (канд.) - Твер. гос. ун-т, 2005 | |
| 504 | a | Библиография | Библиогр.: с. 171-184. | |
| 583 | a | Действие | Получение впервые 271 19.09.2005 | |
| 650 | a | Основная рубрика | Внешнеэкономическая деятельность | |
| x | Основная подрубрика | Риски (экон.) | ||
| x | Основная подрубрика | Безопасность | ||
| x | Основная подрубрика | Социальная философия | ||
| z | Географическая подрубрика | Российская Федерация | ||
| 653 | a | Ключевые слова | Внешнеэкономическая деятельность России | |
| a | Ключевые слова | Риски во внешнеэкономической деятельности | ||
| a | Ключевые слова | Безопасность внешнеэкономической деятельности | ||
| a | Ключевые слова | Социальная философия | ||
| a | Ключевые слова | Диссертации | ||
| 852 | t | Порядковый номер экземпляра | 1 | |
| p | Инвентарный номер | б/н | ||
| 888 | a | Бесплатные | ||
| 930 | a | Новая/Ретро | диссертации | |
| 952 | p | 271.2005 б/ц 1 б/н | ||
| c | Вид литературы | Дис н | ||
| 954 | a | Дата поступления на обработку | 20050923 | |
| 999 | a | Подразделение 2 | ч.з. |